Visualizzazione normale
Vista MARC
- Olivet Legares, Josep,
di Personal Name
Records bibliografici associati: 1
001 - CONTROL NUMBER
- control field: 44050
003 - CONTROL NUMBER IDENTIFIER
- control field: IT-RoINE
005 - DATE AND TIME OF LATEST TRANSACTION
- control field: 20180202072124.0
008 - FIXED-LENGTH DATA ELEMENTS
- fixed length control field: 180202|| aca||aabn | a|a d
040 ## - CATALOGING SOURCE
- Original cataloging agency: IT-RoINE
- Transcribing agency: IT-RoINE
100 ## - HEADING--PERSONAL NAME
- Personal name: Olivet Legares, Josep,
- Dates associated with a name: 1887-1956
670 ## - SOURCE DATA FOUND
- Source citation: Work cat.: (IT-RoINE)0: Manzano, Rafael 44049, J. Olivet Legares /, 1986.